000 00526nam a2200157 a 4500
008 120416s1980 ||||||||||||||||| || u
050 _aTH 891 Law
100 _aLawson, T. V
245 1 0 _aWind effects on buildings
246 _avol. 1
246 _adesign applications
260 _aLondon
_bApplied Science
_c1980
300 _axix, 318p. : ill.
350 _a0.00
995 _D0.00
_FCBU-MAIN LIBRARY (Kitwe)
_H1
_I0.00
_M1
_UAVAILABLE
_ZAnnex Low-Usage Collection
999 _c61779
_d61779